Language Quiz

Random Language or German Quiz

German Verbs Quiz Stats

 Plays Quiz not verified by Sporcle

Also try: Drop a K
Challenge
Share
Tweet
Embed
Score 0/12 Timer 11:00
0 Plays Today
Infinative Verb Meaning/Present/Past % Correct
treffento meet
88.5%
s. entspannento relax
43.6%
aufpassento pay attention
33.3%
schief gehento go wrong
19.2%
abnehmento lose weight
15.4%
zusammenpassento go together
15.4%
uebertreibento exaggerate
15.4%
s. schminkento put on makeup
14.1%
zunehmento gain weight
12.8%
achten aufto pay attention to
6.4%
s. beschaeftigen mitto keep busy with
1.3%
s. ablenken mitto divert oneself
0%

You're not logged in!

Compare scores with friends on all Sporcle quizzes.
Join for Free
OR
Log In

You Might Also Like...

Show Comments

Extras

Top Quizzes Today


Score Distribution

Your Account Isn't Verified!

In order to create a playlist on Sporcle, you need to verify the email address you used during registration. Go to your Sporcle Settings to finish the process.

Report this User

Report this user for behavior that violates our Community Guidelines.

Details: